Religions en Chine - Statistiques

Statistiques générales
  • Ce quiz a été pris 108 fois
  • Le résultat moyen est 3 sur 5
Statistiques - réponses
% Religions % Correct
2 Islam
95%
18,3 Bouddhisme
90%
5,2 Christianisme
80%
51,8 Athéisme
56%
21,9 Animisme
2%
Aucun quiz correspondant
Distribution des résultats
% des personnes avec chaque résultat
Percentile par nombre de réponses
Votre historique - résultats
Vous n’avez pas pris ce quiz